00311nam a2200133Ia 4500003000400000008004100004082001300045100001800058245002400076250000900100260004000109300001000149650001800159OSt191201s1983 xx 000 0 und d a510bTAC aTAN, Soo Tang 0aCollege Mathematics a1st. a-bPrindle, Weber and Schmiltc1983 aA 113 aGeneral Books